Zmenky v dodávateľsko-odberateľských vzťahoch a ich zobrazenie v účtovníctve podnikateľov

Zmenka je individuálne emitovaný, obchodovateľný a prevoditeľný cenný papier, ktorý plní úverovú, platobnú a zabezpečovaciu funkciu. Je to dlhový cenný papier, ktorý predstavuje písomný záväzok, ktorý musí mať presne určenú formu, má individuálny charakter a jeho emisia nepodlieha schvaľovaciemu pr...

Celý popis

Uložené v:
Podrobná bibliografia
Hlavný autor: Feketeová, Renáta, 1974-
Médium: Kapitola
Jazyk:Slovak
Predmet:
Tagy: Pridať tag
Žiadne tagy, Buďte prvý, kto otaguje tento záznam!

MARC

LEADER 00000naa a2200000 4500
001 0122334
005 20240502072401.7
041 0 |a slo 
044 |a SK 
245 1 0 |a Zmenky v dodávateľsko-odberateľských vzťahoch a ich zobrazenie v účtovníctve podnikateľov  |c Renáta Feketeová 
520 |a Zmenka je individuálne emitovaný, obchodovateľný a prevoditeľný cenný papier, ktorý plní úverovú, platobnú a zabezpečovaciu funkciu. Je to dlhový cenný papier, ktorý predstavuje písomný záväzok, ktorý musí mať presne určenú formu, má individuálny charakter a jeho emisia nepodlieha schvaľovaciemu procesu štátnych orgánov.Je upravovaná zákonom č. 191/1950 Sb. Zákon zmenkový a šekový v z.n.p. Ilustračné príklady. 
610 2 0 |a účtovníctvo podvojné 
610 2 0 |a zmenky 
610 2 0 |a šeky 
610 2 0 |a prípady účtovné 
610 2 0 |a vzťahy dodávateľsko-odberateľské 
610 2 0 |a podnikatelia 
100 1 |a Feketeová, Renáta, 1974-